[Event "Maharashtra op 3rd"]
[Site "Hadapsar"]
[Date "2025.04.26"]
[Round "8"]
[White "Sengupta, Deep"]
[Black "Garv, Gaur"]
[Result "1-0"]
[WhiteElo "2506"]
[BlackElo "2366"]
[PlyCount "53"]
[EventDate "2025.04.20"]
[EventType "swiss"]
[EventRounds "10"]
[EventCountry "IND"]
[SourceTitle "CB18_2025"]
[SourceDate "2025.04.30"]
[SourceVersion "1"]
[SourceVersionDate "2025.04.30"]
[SourceQuality "1"]

1. c4 e5 2. Nc3 Bb4 3. Nf3 Bxc3 4. bxc3 d6 5. d3 Nc6 6. e4 Nge7 7. Be2 0-0 8. 0-0 h6 9. d4 Ng6 10. Be3 b6 11. g3 Kh8 12. h4 f5 13. exf5 Bxf5 14. h5 Nge7 15. Nh4 e4 16. Qd2 Bh7 17. f3 Qd7 18. Kh2 d5 19. fxe4 Bxe4 20. Rf4 Rxf4 21. Bxf4 Rf8 22. Re1 Bh7 23. Bf3 Rd8 24. Qe2 dxc4 25. Qe6 Bg8 26. Qxd7 Rxd7 27. Bxc6 1-0

[Event "Maharashtra op 3rd"]
[Site "Hadapsar"]
[Date "2025.04.21"]
[Round "2"]
[White "Garv, Gaur"]
[Black "Aarav, Sinha"]
[Result "1/2-1/2"]
[WhiteElo "2366"]
[BlackElo "2187"]
[PlyCount "60"]
[EventDate "2025.04.20"]
[EventType "swiss"]
[EventRounds "10"]
[EventCountry "IND"]
[SourceTitle "CB18_2025"]
[SourceDate "2025.04.30"]
[SourceVersion "1"]
[SourceVersionDate "2025.04.30"]
[SourceQuality "1"]

1. d4 Nf6 2. c4 e6 3. Nf3 d5 4. g3 dxc4 5. Bg2 c5 6. 0-0 Nc6 7. Ne5 Bd7 8. Nxc4 cxd4 9. Bf4 Be7 10. Nd6+ Kf8 11. Nxb7 Qb6 12. Nd6 Qc5 13. Ne4 Nxe4 14. Bxe4 e5 15. Bd2 f5 16. Bg2 e4 17. Na3 Qb6 18. Nc4 Qa6 19. b3 Be6 20. g4 Rd8 21. Rc1 h6 22. gxf5 Bxf5 23. b4 Qb5 24. a4 Qd5 25. f3 e3 26. Bxe3 Nxb4 27. Bf4 Na2 28. e4 dxe3 29. Qxd5 Rxd5 30. Nxe3 Nxc1 1/2-1/2

[Event "Moscow Ivi GP op"]
[Site "Moscow"]
[Date "2025.03.12"]
[Round "7"]
[White "Garv, Gaur"]
[Black "Obgolts, Erik"]
[Result "1/2-1/2"]
[WhiteElo "2374"]
[BlackElo "2403"]
[PlyCount "93"]
[EventDate "2025.03.08"]
[EventType "swiss"]
[EventRounds "10"]
[EventCountry "RUS"]
[SourceTitle "CB12_2025"]
[SourceDate "2025.03.19"]
[SourceVersion "1"]
[SourceVersionDate "2025.03.19"]
[SourceQuality "1"]

1. d4 e6 2. c4 b6 3. e4 Bb4+ 4. Nc3 Bb7 5. Bd3 f5 6. Qc2 Nf6 7. f3 Nc6 8. Nge2 fxe4 9. fxe4 e5 10. 0-0 Nxd4 11. Nxd4 Bc5 12. Nce2 0-0 13. b4 Bxd4+ 14. Nxd4 exd4 15. e5 Ng4 16. Bxh7+ Kh8 17. Bf5 Qh4 18. Bf4 Ne3 19. Bxe3 dxe3 20. Rae1 Qg5 21. Be4 Rxf1+ 22. Rxf1 e2 23. Qxe2 Qxe5 24. Bd3 Qxe2 25. Bxe2 a5 26. b5 Be4 27. Rd1 d6 28. Bg4 Rf8 29. Re1 Bd3 30. Be6 Re8 31. Kf2 g6 32. Re3 Bb1 33. a3 Kg7 34. Bd5 Re5 35. Rxe5 dxe5 36. Ke3 Bf5 37. h3 Kf6 38. g4 Bd7 39. Kf3 g5 40. Ke4 Be8 41. Ke3 Bg6 42. Be4 Bf7 43. Bd5 Be8 44. Kd3 Bg6+ 45. Be4 Bf7 46. Bd5 Bg6+ 47. Be4 1/2-1/2

[Event "Moscow Ivi GP op"]
[Site "Moscow"]
[Date "2025.03.09"]
[Round "4"]
[White "Akhmedov, David"]
[Black "Garv, Gaur"]
[Result "0-1"]
[WhiteElo "2469"]
[BlackElo "2374"]
[PlyCount "123"]
[EventDate "2025.03.08"]
[EventType "swiss"]
[EventRounds "10"]
[EventCountry "RUS"]
[SourceTitle "CB12_2025"]
[SourceDate "2025.03.19"]
[SourceVersion "1"]
[SourceVersionDate "2025.03.19"]
[SourceQuality "1"]

1. Nf3 Nf6 2. c4 e6 3. g3 d5 4. Bg2 d4 5. 0-0 c5 6. e3 Nc6 7. exd4 cxd4 8. d3 Bd6 9. Bg5 h6 10. Bxf6 Qxf6 11. Nbd2 Qe7 12. a3 a5 13. Nb3 e5 14. Re1 Be6 15. c5 Bc7 16. Rc1 0-0 17. Nbd2 Rfe8 18. Nc4 Bd5 19. Nfd2 Bxg2 20. Kxg2 Qxc5 21. Nxe5 Qd5+ 22. Nef3 Rac8 23. Rxe8+ Rxe8 24. Qb3 Qxb3 25. Nxb3 Bb6 26. Nc5 Bxc5 27. Rxc5 f6 28. Kf1 Kf7 29. Rb5 Re7 30. h4 Ke6 31. h5 Kd6 32. Nh4 Kc7 33. Nf5 Rd7 34. Rc5 b6 35. Rc2 Kb7 36. f4 Nd8 37. Re2 Kc6 38. Re4 Kc5 39. Kf2 b5 40. Re8 b4 41. a4 b3 42. Kf3 Kb4 43. Ke4 Kxa4 44. Nxd4 Nb7 45. Ke3 Nd6 46. Rb8 Rb7 47. Ra8 Rc7 48. Ra6 Re7+ 49. Kf3 Rd7 50. Ne2 Nb5 51. Rc6 Nd4+ 52. Nxd4 Rxd4 53. Ke3 Rd5 54. g4 f5 55. g5 hxg5 56. fxg5 f4+ 57. Kxf4 Rxd3 58. h6 gxh6 59. gxh6 Rh3 60. Rb6 Rh2 61. Kg3 Rh1 62. Rf6 0-1

[Event "Moscow Aeroflot op-A"]
[Site "Moscow"]
[Date "2025.03.06"]
[Round "9"]
[White "Garv, Gaur"]
[Black "Lavrov, Maxim"]
[Result "1/2-1/2"]
[WhiteElo "2374"]
[BlackElo "2344"]
[PlyCount "65"]
[EventDate "2025.03.01"]
[EventType "swiss"]
[EventRounds "9"]
[EventCountry "RUS"]
[SourceTitle "CB11_2025"]
[SourceDate "2025.03.12"]
[SourceVersion "1"]
[SourceVersionDate "2025.03.12"]
[SourceQuality "1"]

1. d4 Nf6 2. c4 g6 3. Nf3 Bg7 4. g3 0-0 5. Bg2 d6 6. 0-0 Nbd7 7. Nc3 e5 8. e4 c6 9. b3 exd4 10. Nxd4 Nc5 11. h3 a5 12. Bf4 Re8 13. Re1 Nh5 14. Be3 a4 15. Qc2 Qa5 16. Rab1 axb3 17. axb3 Qb4 18. Bd2 Qb6 19. Nde2 f5 20. Be3 Qc7 21. Rbd1 Nf6 22. e5 Rxe5 23. Bf4 Re8 24. b4 Ne6 25. Bxd6 Qf7 26. b5 Bd7 27. Na4 Ne4 28. Bb4 cxb5 29. Nb6 Rad8 30. Nxd7 Rxd7 31. cxb5 Nd4 32. Nxd4 Bxd4 33. Kh2 1/2-1/2

[Event "Moscow Aeroflot op-A"]
[Site "Moscow"]
[Date "2025.03.05"]
[Round "8"]
[White "Galaktionov, Artem"]
[Black "Garv, Gaur"]
[Result "1/2-1/2"]
[WhiteElo "2343"]
[BlackElo "2374"]
[PlyCount "20"]
[EventDate "2025.03.01"]
[EventType "swiss"]
[EventRounds "9"]
[EventCountry "RUS"]
[SourceTitle "CB11_2025"]
[SourceDate "2025.03.12"]
[SourceVersion "1"]
[SourceVersionDate "2025.03.12"]
[SourceQuality "1"]

1. d4 Nf6 2. c4 e6 3. Nf3 d5 4. Nc3 Be7 5. Bf4 0-0 6. e3 b6 7. Bd3 Ba6 8. cxd5 Nxd5 9. Nxd5 Qxd5 10. 0-0 Rc8 1/2-1/2

[Event "Titled Tuesday intern op 11th Feb Early"]
[Site "Chess.com INT"]
[Date "2025.02.11"]
[Round "9"]
[White "Gordon, Frederick"]
[Black "Garv, Gaur"]
[Result "1-0"]
[WhiteElo "2381"]
[BlackElo "2374"]
[PlyCount "85"]
[EventDate "2025.02.11"]
[EventType "swiss (blitz)"]
[EventRounds "11"]
[EventCountry "USA"]
[SourceTitle "CB09_2025"]
[SourceDate "2025.02.27"]
[SourceVersion "1"]
[SourceVersionDate "2025.02.27"]
[SourceQuality "1"]

1. Nf3 Nf6 2. g3 e6 3. Bg2 b6 4. Ne5 c6 5. 0-0 Bb7 6. d4 d6 7. Nf3 d5 8. c4 Nbd7 9. Nbd2 Be7 10. b3 0-0 11. Bb2 c5 12. Rc1 dxc4 13. Nxc4 b5 14. Ne3 Qb6 15. Ne5 Bxg2 16. Nxd7 Nxd7 17. Nxg2 Rfd8 18. dxc5 Nxc5 19. Qc2 Qb7 20. Qb1 Rac8 21. Qa1 Bf8 22. Rfd1 Ne4 23. Rxd8 Rxd8 24. Bd4 a6 25. f3 Nd6 26. Ne3 f6 27. Kf2 e5 28. Bc5 Nf7 29. b4 Ng5 30. a3 Rd2 31. Ke1 Rd8 32. Qa2+ Kh8 33. Kf2 g6 34. h4 Nf7 35. Bxf8 Rxf8 36. Qe6 Kg7 37. Nd5 Nd8 38. Qd6 Qa7+ 39. e3 Nf7 40. Qxf6+ Kh6 41. Rc7 Qa8 42. Rxf7 Qxd5 43. Qg5# 1-0

[Event "Titled Tuesday intern op 11th Feb Early"]
[Site "Chess.com INT"]
[Date "2025.02.11"]
[Round "11"]
[White "Javakhadze, Zurab"]
[Black "Garv, Gaur"]
[Result "0-1"]
[WhiteElo "2412"]
[BlackElo "2374"]
[PlyCount "66"]
[EventDate "2025.02.11"]
[EventType "swiss (blitz)"]
[EventRounds "11"]
[EventCountry "USA"]
[SourceTitle "CB09_2025"]
[SourceDate "2025.02.27"]
[SourceVersion "1"]
[SourceVersionDate "2025.02.27"]
[SourceQuality "1"]

1. e4 g6 2. d4 Bg7 3. Nc3 c6 4. Be3 d5 5. e5 f6 6. f4 Nh6 7. Nf3 0-0 8. h3 Nf7 9. Bd3 a5 10. 0-0 Na6 11. a3 Nc7 12. Qe1 Ne6 13. exf6 exf6 14. f5 gxf5 15. Bxf5 Neg5 16. Nh4 Nd6 17. Bd3 Re8 18. Qg3 Be6 19. Rf4 Qd7 20. Raf1 Re7 21. Nf5 Nxf5 22. Bxf5 Rae8 23. Bd2 Kh8 24. h4 Nf7 25. Bd3 Nd6 26. Qf3 f5 27. Ne2 Ne4 28. c3 Nxd2 29. Qf2 Nxf1 30. Qxf1 Bh6 31. Rf3 Rg7 32. Ng3 Reg8 33. Qf2 f4 0-1

[Event "Titled Tuesday intern op 11th Feb Early"]
[Site "Chess.com INT"]
[Date "2025.02.11"]
[Round "7"]
[White "Kozlov, Oleg"]
[Black "Garv, Gaur"]
[Result "1-0"]
[WhiteElo "2253"]
[BlackElo "2374"]
[PlyCount "103"]
[EventDate "2025.02.11"]
[EventType "swiss (blitz)"]
[EventRounds "11"]
[EventCountry "USA"]
[SourceTitle "CB08_2025"]
[SourceDate "2025.02.19"]
[SourceVersion "1"]
[SourceVersionDate "2025.02.19"]
[SourceQuality "1"]

1. d4 Nf6 2. c4 e6 3. g3 Bb4+ 4. Nd2 Nc6 5. Ngf3 d5 6. Bg2 dxc4 7. 0-0 c3 8. bxc3 Bxc3 9. Rb1 0-0 10. e3 e5 11. dxe5 Nxe5 12. Nxe5 Bxe5 13. Bxb7 Bh3 14. Bxa8 Qxa8 15. Qf3 Bxf1 16. Qxa8 Rxa8 17. Kxf1 Nd5 18. Nc4 Bf6 19. Rb7 Bd8 20. Bd2 f6 21. Ke2 Nb6 22. Na5 Kf8 23. Nc6 Ke8 24. Rxa7 Rxa7 25. Nxa7 Kd7 26. Nb5 c5 27. Kd3 Kc6 28. Na3 f5 29. Nc4 Nd5 30. a4 Bf6 31. f3 Nc7 32. Na5+ Kb6 33. Nc4+ Kc6 34. e4 fxe4+ 35. fxe4 Bd4 36. Bf4 Na6 37. Ne5+ Kb6 38. Nf3 Bb2 39. Bd2 Kc6 40. Kc4 Nb8 41. a5 Nd7 42. Be3 Ba3 43. e5 Nf8 44. Ng5 h6 45. Ne4 Ne6 46. a6 Kb6 47. Kd5 Nc7+ 48. Kc4 Nxa6 49. e6 Nc7 50. e7 Kc6 51. Bf4 Ne8 52. Nd6 1-0

[Event "Titled Tuesday intern op 11th Feb Early"]
[Site "Chess.com INT"]
[Date "2025.02.11"]
[Round "1"]
[White "Miserendino, Alfredo"]
[Black "Garv, Gaur"]
[Result "0-1"]
[WhiteElo "2032"]
[BlackElo "2374"]
[PlyCount "60"]
[EventDate "2025.02.11"]
[EventType "swiss (blitz)"]
[EventRounds "11"]
[EventCountry "USA"]
[SourceTitle "CB08_2025"]
[SourceDate "2025.02.19"]
[SourceVersion "1"]
[SourceVersionDate "2025.02.19"]
[SourceQuality "1"]

1. e4 g6 2. d4 Bg7 3. Nf3 c6 4. Nc3 d5 5. Bd3 Bg4 6. Be3 e5 7. Be2 dxe4 8. Nxe4 Bxf3 9. Bxf3 f5 10. Ng5 e4 11. Ne6 Qe7 12. Nxg7+ Qxg7 13. Be2 Ne7 14. c4 Nd7 15. 0-0 0-0-0 16. Qa4 a6 17. b4 Rhf8 18. Bf4 Qxd4 19. Rfd1 Qb6 20. c5 Qa7 21. Bd6 Rfe8 22. Qa5 b5 23. cxb6 Nxb6 24. Rac1 Ned5 25. Bxa6+ Kd7 26. Bc5 Ke6 27. Rxd5 Rxd5 28. Bxb6 Rxa5 29. Bxa7 Rxa6 30. Rxc6+ Rxc6 0-1

[Event "Tashkent President op 3rd"]
[Site "Tashkent"]
[Date "2024.11.26"]
[Round "6"]
[White "Saydaliev, Saidakbar"]
[Black "Garv, Gaur"]
[Result "1-0"]
[WhiteElo "2473"]
[BlackElo "2388"]
[PlyCount "177"]
[EventDate "2024.11.21"]
[EventType "swiss"]
[EventRounds "9"]
[EventCountry "UZB"]
[SourceTitle "CB49_2024"]
[SourceDate "2024.12.04"]
[SourceVersion "1"]
[SourceVersionDate "2024.12.04"]
[SourceQuality "1"]

1. e4 c6 2. d4 d5 3. exd5 cxd5 4. Bd3 Nc6 5. c3 Qc7 6. h3 Nf6 7. Nf3 g6 8. Qc2 Bg7 9. 0-0 0-0 10. Re1 Nh5 11. Qd1 Re8 12. Nbd2 Bd7 13. Nb3 Rad8 14. Be3 e5 15. dxe5 Nxe5 16. Nxe5 Bxe5 17. Nd4 a6 18. Nf3 Bg7 19. Qb3 b5 20. Rad1 h6 21. a3 Bc6 22. Qc2 Nf4 23. Bf1 Ne6 24. Qd2 h5 25. Nd4 Bb7 26. Nxe6 Rxe6 27. Bd4 Rde8 28. Bxg7 Kxg7 29. Qd4+ Kg8 30. Rxe6 Rxe6 31. Qa7 Qc6 32. Qb8+ Re8 33. Qf4 Re4 34. Qg5 Qe8 35. Qd2 Qc6 36. Be2 Qc7 37. Bf3 Re5 38. Qd4 Qe7 39. Kf1 Bc6 40. Qb6 Bb7 41. Qa7 Kf8 42. Qb8+ Kg7 43. a4 Bc6 44. Qb6 Re6 45. Qd4+ Kh7 46. a5 Qc7 47. b4 Ba8 48. g3 Kg8 49. Rd3 Qe7 50. Rd1 Qc7 51. Kg2 Bc6 52. Qc5 Re5 53. Rd3 Qb7 54. h4 Rf5 55. Qd4 Qc7 56. Re3 Qd8 57. Kg1 Rf6 58. Bg2 Rd6 59. Re5 Qd7 60. Kh2 Bb7 61. Bh3 Qd8 62. Qe3 Bc6 63. Qd4 Rf6 64. f4 Rd6 65. f5 Qf6 66. fxg6 fxg6 67. Kg1 Qf3 68. Re3 Qf7 69. Qe5 Qf8 70. Be6+ Kh7 71. Re2 d4 72. Rf2 Bf3 73. cxd4 Rc6 74. Qe3 Qe8 75. Qxf3 Rxe6 76. d5 Re3 77. Qf4 Rd3 78. Qc7+ Kh6 79. Qd6 Qe1+ 80. Kg2 Qe4+ 81. Kh2 Qe8 82. Qf4+ Kh7 83. d6 Rd5 84. Rc2 Rf5 85. Rc7+ Kg8 86. Qd2 Qf8 87. Rc2 Qf7 88. d7 Rd5 89. d8Q+ 1-0

[Event "Pozarevac Rudar GM2 11"]
[Site "Pozarevac"]
[Date "2024.11.21"]
[Round "9"]
[White "Wu, Yixing"]
[Black "Garv, Gaur"]
[Result "1/2-1/2"]
[WhiteElo "2403"]
[BlackElo "2388"]
[PlyCount "34"]
[EventDate "2024.11.14"]
[EventType "tourn"]
[EventRounds "9"]
[EventCountry "SRB"]
[EventCategory "6"]
[SourceTitle "CB48_2024"]
[SourceDate "2024.11.28"]
[SourceVersion "1"]
[SourceVersionDate "2024.11.28"]
[SourceQuality "1"]

1. d4 Nf6 2. c4 e6 3. Nc3 Bb4 4. e3 0-0 5. Bd3 c5 6. Nge2 Nc6 7. 0-0 cxd4 8. exd4 d5 9. Bg5 dxc4 10. Bxc4 Be7 11. a3 h6 12. Bf4 b6 13. d5 Na5 14. Ba2 exd5 15. Nxd5 Nxd5 16. Bxd5 Bb7 17. Nc3 Bf6 1/2-1/2

[Event "Pozarevac Rudar GM2 11"]
[Site "Pozarevac"]
[Date "2024.11.19"]
[Round "7"]
[White "Garv, Gaur"]
[Black "Nikolov, Momchil"]
[Result "1/2-1/2"]
[WhiteElo "2388"]
[BlackElo "2421"]
[PlyCount "32"]
[EventDate "2024.11.14"]
[EventType "tourn"]
[EventRounds "9"]
[EventCountry "SRB"]
[EventCategory "6"]
[SourceTitle "CB48_2024"]
[SourceDate "2024.11.28"]
[SourceVersion "1"]
[SourceVersionDate "2024.11.28"]
[SourceQuality "1"]

1. d4 Nf6 2. c4 e6 3. g3 Bb4+ 4. Bd2 Bxd2+ 5. Qxd2 d5 6. Nf3 0-0 7. Bg2 c6 8. Qc2 b6 9. 0-0 Bb7 10. Nbd2 Nbd7 11. b4 Qe7 12. c5 a5 13. a3 Ba6 14. Rfe1 axb4 15. axb4 bxc5 16. bxc5 Bb5 1/2-1/2

[Event "Pozarevac Rudar GM2 11"]
[Site "Pozarevac"]
[Date "2024.11.17"]
[Round "4"]
[White "Stojanovic, Mihajlo"]
[Black "Garv, Gaur"]
[Result "1/2-1/2"]
[WhiteElo "2430"]
[BlackElo "2388"]
[PlyCount "97"]
[EventDate "2024.11.14"]
[EventType "tourn"]
[EventRounds "9"]
[EventCountry "SRB"]
[EventCategory "6"]
[SourceTitle "CB48_2024"]
[SourceDate "2024.11.28"]
[SourceVersion "1"]
[SourceVersionDate "2024.11.28"]
[SourceQuality "1"]

1. d4 Nf6 2. c4 e6 3. Nf3 d5 4. Nc3 Be7 5. g3 dxc4 6. Qa4+ Bd7 7. Qxc4 Bc6 8. Bg2 Nbd7 9. 0-0 0-0 10. Rd1 Rb8 11. a3 Bd6 12. Qd3 Bxf3 13. Qxf3 c6 14. e4 e5 15. Be3 a6 16. Qe2 Qc7 17. Rac1 Rbe8 18. dxe5 Bxe5 19. Na4 Bd6 20. Qd3 Be7 21. f4 Rd8 22. Qe2 Qa5 23. Nc3 Bc5 24. Bxc5 Qxc5+ 25. Kf1 h5 26. Bf3 Rfe8 27. e5 Qb6 28. Qf2 Ng4 29. Bxg4 hxg4 30. Ne4 Qxf2+ 31. Kxf2 Nb6 32. Nc5 Nd5 33. b4 Re7 34. Re1 Rde8 35. Ne4 f6 36. Nd6 Rd8 37. Nf5 Re6 38. exf6 Rxf6 39. Re5 Rdf8 40. Ne3 Nxe3 41. Kxe3 Rd8 42. Rc3 Rh6 43. Re7 Kf8 44. Rxb7 Re6+ 45. Kf2 Rd2+ 46. Kf1 Rd1+ 47. Kf2 Rd2+ 48. Kf1 Rd1+ 49. Kf2 1/2-1/2

[Event "Pozarevac Rudar GM 11"]
[Site "Pozarevac"]
[Date "2024.11.11"]
[Round "7"]
[White "Garv, Gaur"]
[Black "Spasic, Petar"]
[Result "1-0"]
[WhiteElo "2388"]
[BlackElo "2354"]
[PlyCount "177"]
[EventDate "2024.11.06"]
[EventType "tourn"]
[EventRounds "9"]
[EventCountry "SRB"]
[EventCategory "6"]
[SourceTitle "CB49_2024"]
[SourceDate "2024.12.04"]
[SourceVersion "1"]
[SourceVersionDate "2024.12.04"]
[SourceQuality "1"]

1. d4 c5 2. d5 g6 3. c4 Bg7 4. Nf3 d6 5. g3 b5 6. cxb5 a6 7. bxa6 Nf6 8. Nc3 0-0 9. Bg2 Bxa6 10. 0-0 Nbd7 11. Rb1 Qa5 12. Bd2 Rfb8 13. b3 Ng4 14. Qc2 c4 15. Na4 cxb3 16. axb3 Qb5 17. h3 Rc8 18. Qd1 Nh6 19. Bxh6 Bxh6 20. Nd4 Qb7 21. Nc6 Nb8 22. Nc3 Bg7 23. Rc1 Kf8 24. Re1 Qb6 25. Na4 Qb7 26. Nc3 Qb6 27. Qc2 Bb7 28. Na4 Qc7 29. b4 Nxc6 30. dxc6 Ba6 31. Nc3 e6 32. Red1 Bc4 33. b5 d5 34. Rb1 Rab8 35. e4 Qa5 36. exd5 Qxc3 37. Qxc3 Bxc3 38. d6 Ba5 39. c7 Bxc7 40. dxc7 Rxc7 41. b6 Re7 42. Rd6 Bd5 43. Bxd5 exd5 44. Rxd5 Reb7 45. Rdb5 Re8 46. Kg2 Re6 47. Kf3 f6 48. R1b2 Kf7 49. g4 Kg7 50. R2b3 Kf7 51. Kg3 Kg7 52. f4 Rd6 53. Kf3 Kf7 54. h4 Kg7 55. R3b4 Kf7 56. Rb3 Kg7 57. h5 Rc6 58. Ke4 Rd6 59. Kf3 Rc6 60. Kg3 Rd6 61. Kh4 Rc6 62. R5b4 Rd6 63. Rb5 Rc6 64. R3b4 Rd6 65. g5 fxg5+ 66. Kxg5 h6+ 67. Kg4 gxh5+ 68. Kxh5 Re6 69. f5 Rc6 70. Rg4+ Kf7 71. Rg6 Rc8 72. Rxh6 Kg8 73. Rg6+ Kf7 74. Rh6 Kg8 75. Kg5 Rc4 76. Rd6 Kf7 77. Rbd5 Rb8 78. Rd7+ Ke8 79. f6 Rc1 80. Re7+ Kf8 81. b7 Rb1 82. Kg6 Kg8 83. Rg7+ Kf8 84. Rh5 Rg1+ 85. Kh7 Rb1 86. Rg8+ Kf7 87. Rxb8 Rb2 88. Rg8 Rb5 89. Rxb5 1-0

[Event "Pozarevac Rudar GM 11"]
[Site "Pozarevac"]
[Date "2024.11.10"]
[Round "5"]
[White "Garv, Gaur"]
[Black "Dimitrov, Radoslav"]
[Result "1-0"]
[WhiteElo "2388"]
[BlackElo "2478"]
[PlyCount "106"]
[EventDate "2024.11.06"]
[EventType "tourn"]
[EventRounds "9"]
[EventCountry "SRB"]
[EventCategory "6"]
[SourceTitle "CB49_2024"]
[SourceDate "2024.12.04"]
[SourceVersion "1"]
[SourceVersionDate "2024.12.04"]
[SourceQuality "1"]

1. d4 Nf6 2. Nf3 c5 3. d5 e6 4. c4 d6 5. Nc3 exd5 6. cxd5 g6 7. g3 Bg7 8. Bg2 0-0 9. 0-0 Re8 10. Bf4 a6 11. a4 Ne4 12. Nxe4 Rxe4 13. Ra2 Bg4 14. a5 Qe7 15. h3 Bxf3 16. Bxf3 Rd4 17. Qc2 Nd7 18. Bd2 Ne5 19. Bg2 Qe8 20. e3 Rd3 21. Bc3 c4 22. Be4 Qb5 23. Ra3 Rxd5 24. Bxd5 Qxd5 25. Bxe5 Bxe5 26. Rc1 Qe6 27. Ra4 d5 28. e4 Qxh3 29. exd5 Bd4 30. Ra3 c3 31. Rxc3 Bxc3 32. bxc3 Re8 33. Rd1 h5 34. Qa4 Rd8 35. Qf4 Qg4 36. Qxg4 hxg4 37. c4 Kf8 38. Rb1 Rc8 39. Rxb7 Rxc4 40. d6 Rd4 41. Rb8+ Kg7 42. Rb6 Rd5 43. Rxa6 Kf6 44. Kf1 Ke6 45. Ke2 g5 46. Ke3 f5 47. Ra8 Rxd6 48. a6 f4+ 49. gxf4 gxf4+ 50. Kxf4 Rd4+ 51. Kg3 Rd7 52. Kxg4 Rg7+ 53. Kf4 Kd5 1-0

[Event "Titled Tuesday intern op 24th Sep Early"]
[Site "Chess.com INT"]
[Date "2024.09.24"]
[Round "3"]
[White "Garv, Gaur"]
[Black "Aarav, Sinha"]
[Result "1/2-1/2"]
[WhiteElo "2388"]
[BlackElo "2224"]
[PlyCount "71"]
[EventDate "2024.09.24"]
[EventType "swiss (blitz)"]
[EventRounds "11"]
[EventCountry "USA"]
[SourceTitle "EXT 2025"]
[Source "ChessBase"]
[SourceDate "2024.10.14"]
[SourceVersion "1"]
[SourceVersionDate "2024.10.14"]
[SourceQuality "1"]

1. d4 Nf6 2. c4 e6 3. Nf3 d5 4. g3 Bb4+ 5. Bd2 Be7 6. Bg2 0-0 7. 0-0 c6 8. Qc2 Nbd7 9. Rd1 b6 10. Bf4 Bb7 11. Nc3 dxc4 12. Nd2 Nd5 13. Nxc4 Nxf4 14. gxf4 Qc7 15. e3 a6 16. Rac1 c5 17. d5 exd5 18. Bxd5 Nf6 19. Ne5 Rad8 20. Qb3 Nxd5 21. Nxd5 Bxd5 22. Rxd5 Rxd5 23. Qxd5 Bf6 24. Rd1 Rd8 25. Qf3 Rxd1+ 26. Qxd1 Bxe5 27. fxe5 g6 28. Qd5 Kg7 29. f4 Qe7 30. Qc6 Qh4 31. Kg2 Qe1 32. Qf6+ Kg8 33. Qd8+ Kg7 34. Qf6+ Kg8 35. Qd8+ Kg7 36. Qf6+ 1/2-1/2

[Event "Titled Tuesday intern op 24th Sep Early"]
[Site "Chess.com INT"]
[Date "2024.09.24"]
[Round "1"]
[White "Garv, Gaur"]
[Black "Mamedjarova, Turkan"]
[Result "1/2-1/2"]
[WhiteElo "2388"]
[BlackElo "2197"]
[PlyCount "204"]
[EventDate "2024.09.24"]
[EventType "swiss (blitz)"]
[EventRounds "11"]
[EventCountry "USA"]
[SourceTitle "EXT 2025"]
[Source "ChessBase"]
[SourceDate "2024.10.14"]
[SourceVersion "1"]
[SourceVersionDate "2024.10.14"]
[SourceQuality "1"]

1. d4 Nf6 2. c4 g6 3. Nf3 Bg7 4. g3 0-0 5. Bg2 d6 6. 0-0 Nbd7 7. Nc3 c6 8. h3 e5 9. e4 exd4 10. Nxd4 Re8 11. Re1 Nc5 12. Bf4 Nh5 13. Be3 Nf6 14. Qc2 Bd7 15. Rad1 Qc7 16. Bf4 Nh5 17. Be3 Qc8 18. Kh2 Nf6 19. Bf4 Qc7 20. Nb3 Qb6 21. Nxc5 dxc5 22. e5 Bf5 23. Qb3 Nh5 24. Ne4 Bxe4 25. Rxe4 Nxf4 26. gxf4 Rad8 27. Qxb6 axb6 28. Ree1 Bh6 29. Kg3 g5 30. fxg5 Bxg5 31. f4 Be7 32. Be4 Kh8 33. Kf3 Bh4 34. Rg1 Rxd1 35. Rxd1 Rd8 36. Rxd8+ Bxd8 37. Bf5 b5 38. Bc8 b6 39. Bb7 bxc4 40. Bxc6 Kg7 41. Bd5 b5 42. Ke4 f6 43. e6 Be7 44. f5 Bd6 45. a4 bxa4 46. Bxc4 Kf8 47. Kd5 Be5 48. Kxc5 Bxb2 49. Kd6 Ba3+ 50. Kd7 Be7 51. h4 h5 52. Kc6 a3 53. Kb5 Kg7 54. Ka4 Kh6 55. Kb3 Kg7 56. Be2 Kh6 57. Bd1 Bd6 58. Bf3 Be7 59. Bd5 Kg7 60. Kc3 Kf8 61. Kb3 Kg7 62. Bc6 Kh6 63. Bd5 Bd6 64. Kc3 Kg7 65. Kd3 Kh6 66. Kc2 Kg7 67. Bc4 Kh6 68. Kb3 Kg7 69. Ka4 Kh6 70. Kb5 Kg7 71. Kc6 Bb4 72. Kd7 Kf8 73. Ba2 Kg7 74. Kc6 Kf8 75. Kd7 Be7 76. Bb1 Bb4 77. Kc7 Be7 78. Ba2 Kg7 79. Kc8 Kf8 80. Kd7 Bb4 81. Bb3 Be7 82. Bc4 Bb4 83. Kc6 Be7 84. Kb5 Kg7 85. Bd5 Kh6 86. Kc6 Kg7 87. Bb3 Kf8 88. Kb5 Kg7 89. Ka4 Kh6 90. Bc4 Kg7 91. Kb3 Kh6 92. Be2 Bd6 93. Bd3 Be7 94. Bb1 Bd6 95. Kc4 Kg7 96. Kd5 Bb4 97. Kc6 Kf8 98. Kd7 Be7 99. Ba2 Bc5 100. Kc6 Be7 101. Kd5 Bb4 102. Kc4 Be7 1/2-1/2

[Event "Titled Tuesday intern op 24th Sep Early"]
[Site "Chess.com INT"]
[Date "2024.09.24"]
[Round "6"]
[White "Garv, Gaur"]
[Black "Tulendinov, Dinmukhammed"]
[Result "1-0"]
[WhiteElo "2388"]
[BlackElo "2303"]
[PlyCount "173"]
[EventDate "2024.09.24"]
[EventType "swiss (blitz)"]
[EventRounds "11"]
[EventCountry "USA"]
[SourceTitle "EXT 2025"]
[Source "ChessBase"]
[SourceDate "2024.10.14"]
[SourceVersion "1"]
[SourceVersionDate "2024.10.14"]
[SourceQuality "1"]

1. Nf3 d5 2. c4 c6 3. g3 Nf6 4. Bg2 Bf5 5. cxd5 cxd5 6. Qb3 Qb6 7. Qxb6 axb6 8. Nc3 e6 9. 0-0 Be7 10. d3 h6 11. Nb5 Na6 12. Bf4 0-0 13. Rfc1 Rfc8 14. Bd6 Kf8 15. Nfd4 Bh7 16. a3 Ke8 17. Nc7+ Nxc7 18. Bxc7 Kd7 19. Bxb6 Ne8 20. Nb3 Rc6 21. Be3 Rac8 22. Na5 Rxc1+ 23. Rxc1 Rxc1+ 24. Bxc1 b6 25. Nb3 Nc7 26. e4 dxe4 27. dxe4 Kc6 28. Be3 Kb7 29. Nd4 e5 30. Ne2 f6 31. Nc3 Bg8 32. Bf1 Kc6 33. f3 b5 34. b4 Bf8 35. Kf2 Bf7 36. Bd3 Bg8 37. Ke2 Bf7 38. Kd2 Bg8 39. Bc2 Bf7 40. Kc1 Bc4 41. Kd2 Be6 42. Bd3 Bf7 43. Kc2 Be6 44. Kb2 h5 45. f4 exf4 46. gxf4 Bf7 47. Be2 Bd6 48. Bf3 Kd7 49. Kc2 g6 50. Kd2 Bc4 51. Ne2 Ne6 52. f5 gxf5 53. exf5 Ng7 54. Nd4 Bxh2 55. Bh6 Ne8 56. Bxh5 Be5 57. Bxe8+ Kxe8 58. Nc2 Bb2 59. Be3 Bb3 60. Bc5 Bxc2 61. Kxc2 Bxa3 62. Bd6 Kd7 63. Bf8 Ke8 64. Bc5 Kd7 65. Kc3 Bc1 66. Kd3 Bf4 67. Ke4 Bg3 68. Kd5 Be1 69. Ke4 Kc6 70. Be7 Bh4 71. Bc5 Bg5 72. Kf3 Kd5 73. Kg4 Ke4 74. Be7 Ke5 75. Bc5 Ke4 76. Be7 Ke5 77. Bd8 Ke4 78. Bb6 Ke5 79. Bc7+ Ke4 80. Bb8 Bd2 81. Bd6 Kd5 82. Be7 Bg5 83. Kh5 Ke5 84. Kg6 Kd5 85. Bxf6 Bd2 86. Be7 Kc4 87. f6 1-0